| 000 | 00462cam a2200205 4500 | ||
|---|---|---|---|
| 001 | D6833 | ||
| 008 | 090401t1978 xxu||||| |||| 00| 0 eng d | ||
| 035 | _a(Sirsi) u3449 | ||
| 041 | _aeng | ||
| 050 | _a306.2 | ||
| 100 | _aMacey, John P | ||
| 245 | _aHousing management | ||
| 250 | _a3rd | ||
| 260 |
_aLondon _bEstates Gazette _c1978 |
||
| 300 | _axii. 631p. 11cm | ||
| 350 | _a8 | ||
| 700 | _aBaker, Charles Vivian | ||
| 942 | _n0 | ||
| 948 | _c04/03/1997 | ||
| 999 |
_c85881 _d85881 |
||